| 000 | 00766cam a2200253 a 4500 | ||
|---|---|---|---|
| 001 | 000009813 | ||
| 005 | 20200929161720.0 | ||
| 008 | 980701s1998 mx 000 p spa d | ||
| 020 | _a968190446x | ||
| 040 |
_aDO-SdBNP _cDLC _dDLC |
||
| 082 |
_aU861.44 _bB462v |
||
| 100 | 1 |
_aBenedetti, Mario, _d1920-2009. _911959 |
|
| 245 | 1 | 3 |
_aLa vida ese paréntesis / _cMario Benedetti. |
| 260 |
_aMéxico : _bAlfaguara, _c1998. |
||
| 300 |
_a154 p. ; _c21 cm. |
||
| 490 | 1 | _aBiblioteca Mario Benedetti | |
| 500 | _aEl primer ejemplar es una quinta reimpresión del 2000. | ||
| 650 | 4 |
_aPoesía uruguaya _93846 |
|
| 650 | 4 |
_aLiteratura uruguaya _93054 |
|
| 830 | 0 |
_aBiblioteca Mario Benedetti _924217 |
|
| 910 | _aCatalogación derivada | ||
| 910 | _aWM | ||
| 049 | _aBNGR | ||
| 999 |
_c9572 _d9572 |
||